[Event "Abruzzo Region-ch"]
[Site "Teramo"]
[Date "2011.05.29"]
[Round "5"]
[White "Paolini, Williams"]
[Black "Coccagna, Marcello"]
[Result "1-0"]
[WhiteElo "1398"]
[BlackElo "1434"]
[PlyCount "79"]
[EventDate "2011.05.21"]
[EventType "swiss"]
[EventRounds "6"]
[EventCountry "ITA"]
[SourceTitle "EXT 2024"]
[Source "ChessBase"]
[SourceDate "2023.10.10"]
[SourceVersion "1"]
[SourceVersionDate "2023.10.10"]
[SourceQuality "1"]

1. d4 Nf6 2. Bg5 d5 3. Bxf6 exf6 4. c3 c5 5. e3 cxd4 6. cxd4 Nc6 7. Nc3 Bb4 8. a3 Bxc3+ 9. bxc3 Qa5 10. Qc2 0-0 11. Ne2 g6 12. g3 Bf5 13. Qc1 Be4 14. Rg1 b5 15. Bg2 Rad8 16. Bxe4 dxe4 17. Kf1 Rd5 18. Qc2 f5 19. Nf4 Rd6 20. h4 b4 21. cxb4 Nxb4 22. Qc5 Qa6+ 23. Kg2 Nd3 24. Nxd3 exd3 25. Qc3 Rc8 26. Qb4 Rb6 27. Qe7 Rb7 28. Qg5 Qc6+ 29. Kh2 Rb2 30. h5 Rxf2+ 31. Kh3 Qc2 32. Rh1 d2 33. Rad1 Qe4 34. Rh2 Rxh2+ 35. Kxh2 Kg7 36. h6+ Kf8 37. Qf6 Re8 38. Qd6+ Qe7 39. Qxe7+ Rxe7 40. Rxd2 1-0

[Event "Offida Winter op 8th"]
[Site "Offida"]
[Date "2010.12.08"]
[Round "3"]
[White "Coccagna, Marcello"]
[Black "Giobbi, Costantino"]
[Result "0-1"]
[WhiteElo "1487"]
[BlackElo "1916"]
[PlyCount "59"]
[EventDate "2010.12.05"]
[EventType "swiss"]
[EventRounds "6"]
[EventCountry "ITA"]
[SourceTitle "EXT 2024"]
[Source "ChessBase"]
[SourceDate "2023.10.10"]
[SourceVersion "1"]
[SourceVersionDate "2023.10.10"]
[SourceQuality "1"]

1. e4 c5 2. Nf3 d6 3. c4 Nc6 4. Nc3 e6 5. d4 cxd4 6. Nxd4 Nf6 7. Bg5 Be7 8. Nxc6 bxc6 9. Be2 0-0 10. Bf3 e5 11. 0-0 Be6 12. b3 Qc7 13. Qd2 Rad8 14. Rfd1 Rfe8 15. Bh4 Nxe4 16. Nxe4 Bxh4 17. Nxd6 Rf8 18. c5 f5 19. Bh5 Bd5 20. Qe3 Bf6 21. Nxf5 g6 22. Qg3 Kh8 23. Bxg6 Rg8 24. Qh3 Rxg6 25. Nd6 Bxg2 26. Qxg2 Rxg2+ 27. Kxg2 Rg8+ 28. Kf1 e4 29. Re1 Bxa1 30. Rxa1 0-1

[Event "Porto San Giorgio Weekend-B 13th"]
[Site "Porto San Giorgio"]
[Date "2010.11.28"]
[Round "6"]
[White "Coccagna, Marcello"]
[Black "Ibershimi, Lindita"]
[Result "1/2-1/2"]
[WhiteElo "1487"]
[BlackElo "1560"]
[PlyCount "120"]
[EventDate "2010.11.20"]
[EventType "swiss"]
[EventRounds "6"]
[EventCountry "ITA"]
[SourceTitle "EXT 2024"]
[Source "ChessBase"]
[SourceDate "2023.10.10"]
[SourceVersion "1"]
[SourceVersionDate "2023.10.10"]
[SourceQuality "1"]

1. e4 c5 2. Nf3 d6 3. Nc3 Nc6 4. Nd5 e6 5. Ne3 Nf6 6. d3 g6 7. c3 Bg7 8. a4 0-0 9. Nc4 d5 10. exd5 exd5 11. Nce5 Qe7 12. d4 Ng4 13. Be2 Ngxe5 14. dxe5 Nxe5 15. 0-0 Be6 16. Bf4 Nxf3+ 17. Bxf3 Rad8 18. Re1 Qd7 19. Qd2 b6 20. Bg5 Rc8 21. Re3 d4 22. cxd4 cxd4 23. Re4 Bf5 24. Rh4 f6 25. Bh6 g5 26. Bxg7 Kxg7 27. Rxd4 Qf7 28. g4 Be6 29. Rd1 Kh8 30. Rd6 Rc4 31. h3 Rxa4 32. Re1 Rf4 33. Bc6 Bxg4 34. hxg4 Rxg4+ 35. Kf1 Qc4+ 36. Re2 Rh4 37. Rd8 Rxd8 38. Qxd8+ Kg7 39. Qd7+ Kg6 40. Bb5 Qc1+ 41. Re1 Rh1+ 42. Kg2 Qxe1 43. Bd3+ Kh5 44. Qxh7+ Kg4 45. Qxh1 Qxh1+ 46. Kxh1 Kf3 47. Kg1 g4 48. Bf1 f5 49. Bg2+ Ke2 50. Bd5 f4 51. Be6 g3 52. fxg3 fxg3 53. Kg2 a5 54. Kxg3 b5 55. b3 Kd3 56. Bd7 b4 57. Be6 Kc3 58. Kf4 Kd4 59. Kf3 Kc3 60. Ke2 Kb2 1/2-1/2

[Event "San Benedetto del Tronto Martire 3rd"]
[Site "San Benedetto del Tronto"]
[Date "2010.11.13"]
[Round "3"]
[White "Viviani, Alessio"]
[Black "Coccagna, Marcello"]
[Result "1-0"]
[WhiteElo "1958"]
[BlackElo "1487"]
[PlyCount "33"]
[EventDate "2010.11.07"]
[EventType "swiss"]
[EventRounds "6"]
[EventCountry "ITA"]
[SourceTitle "EXT 2024"]
[Source "ChessBase"]
[SourceDate "2023.10.10"]
[SourceVersion "1"]
[SourceVersionDate "2023.10.10"]
[SourceQuality "1"]

1. e4 e5 2. Nf3 Nf6 3. Nxe5 Qe7 4. d4 d6 5. Nf3 Nxe4 6. Be2 Bg4 7. 0-0 g6 8. Re1 Bg7 9. Nbd2 d5 10. c4 c6 11. cxd5 cxd5 12. Ne5 0-0 13. Nxg4 Bxd4 14. Nxe4 Qxe4 15. Bf3 Bxf2+ 16. Kxf2 Qf5 17. Nh6+ 1-0